[Event "Barcelona Sant Marti op-B 4th"]
[Site "Barcelona"]
[Date "2015.03.12"]
[Round "9"]
[White "Olleta Tanya, Jordi"]
[Black "Pascual Duran, Pau"]
[Result "0-1"]
[WhiteElo "1761"]
[BlackElo "1807"]
[PlyCount "74"]
[EventDate "2015.01.15"]
[EventType "swiss"]
[EventRounds "9"]
[EventCountry "ESP"]
[SourceTitle "EXT 2016"]
[Source "ChessBase"]
[SourceDate "2015.10.08"]
[SourceVersion "1"]
[SourceVersionDate "2015.10.08"]
[SourceQuality "1"]

1. Nf3 Nf6 2. d4 d6 3. c4 g6 4. Nc3 Bg7 5. e4 Nbd7 6. Be3 Ng4 7. Bg5 h6 8. Bh4 0-0 9. Bg3 e5 10. Bh4 Qe8 11. h3 exd4 12. Nxd4 Ngf6 13. Qc2 Nc5 14. 0-0-0 Nfxe4 15. Nxe4 Nxe4 16. f3 Nc5 17. Re1 Qd7 18. Nb3 Na4 19. Bf2 Bxb2+ 20. Kb1 c5 21. Bd3 Bc3 22. Re2 Bg7 23. Be1 a6 24. Be4 Rb8 25. Bd5 Qf5 26. Be4 Qf6 27. Kc1 b5 28. Bd5 Bf5 29. Be4 bxc4 30. Bxf5 cxb3 31. axb3 Qa1+ 32. Qb1 Qa3+ 33. Kc2 gxf5 34. Bg3 c4 35. Re3 cxb3+ 36. Rxb3 Rfc8+ 37. Kd2 Rxb3 0-1

[Event "Barcelona Sant Marti op-B 4th"]
[Site "Barcelona"]
[Date "2015.02.19"]
[Round "6"]
[White "Pascual Duran, Pau"]
[Black "Hinarejos Montano, Andres"]
[Result "0-1"]
[WhiteElo "1807"]
[BlackElo "1860"]
[PlyCount "132"]
[EventDate "2015.01.15"]
[EventType "swiss"]
[EventRounds "9"]
[EventCountry "ESP"]
[SourceTitle "EXT 2016"]
[Source "ChessBase"]
[SourceDate "2015.10.08"]
[SourceVersion "1"]
[SourceVersionDate "2015.10.08"]
[SourceQuality "1"]

1. e4 e5 2. Nf3 d6 3. d4 exd4 4. Qxd4 c5 5. Qe3 Be7 6. Bc4 Nf6 7. Nc3 0-0 8. Bd2 Nc6 9. 0-0-0 Qe8 10. h4 Ng4 11. Qf4 h6 12. Rdf1 Nge5 13. Bd5 Be6 14. Qg3 Kh8 15. Ng5 Bxd5 16. Nxd5 Qd7 17. f3 f6 18. Nh3 Nc4 19. Bc3 b5 20. b3 N4e5 21. Nhf4 Rg8 22. Nh5 b4 23. Bd2 Nd4 24. Re1 Rac8 25. f4 Nf7 26. f5 Ne5 27. Nhf4 Bf8 28. Ng6+ Nxg6 29. Qxg6 Nc6 30. g4 Ne5 31. Qh5 Nf3 32. Ref1 Nxd2 33. Kxd2 Qe8 34. Qxe8 Rxe8 35. Ke3 Be7 36. Rfg1 Bd8 37. g5 Kh7 38. Kf4 Ref8 39. g6+ Kh8 40. Rd1 Re8 41. c3 bxc3 42. Nxc3 Bc7 43. Nb5 Bb8 44. Nxd6 Rd8 45. Rd5 Bxd6+ 46. Kf3 Be7 47. Rhd1 Rxd5 48. Rxd5 Rd8 49. Rxd8+ Bxd8 50. Ke3 h5 51. Kd3 Kg8 52. Kc4 Bc7 53. Kxc5 Bg3 54. Kd4 Bxh4 55. Ke3 Be1 56. Ke2 Bb4 57. Kf3 Kf8 58. Kg2 Ke7 59. Kh3 Be1 60. a3 Kd6 61. Kg2 Ke5 62. Kf3 h4 63. b4 h3 64. b5 h2 65. Kg2 Ba5 66. Kxh2 Kxe4 0-1

[Event "Barcelona Sant Marti op-B 4th"]
[Site "Barcelona"]
[Date "2015.01.29"]
[Round "3"]
[White "Gasol Colomera, Francesc"]
[Black "Pascual Duran, Pau"]
[Result "1-0"]
[WhiteElo "1923"]
[BlackElo "1807"]
[PlyCount "57"]
[EventDate "2015.01.15"]
[EventType "swiss"]
[EventRounds "9"]
[EventCountry "ESP"]
[SourceTitle "EXT 2016"]
[Source "ChessBase"]
[SourceDate "2015.10.08"]
[SourceVersion "1"]
[SourceVersionDate "2015.10.08"]
[SourceQuality "1"]

1. e4 d6 2. d4 Nf6 3. Nc3 g6 4. f4 Bg7 5. Nf3 Bg4 6. Be2 Nbd7 7. e5 dxe5 8. fxe5 Nh5 9. Ng5 Bxe2 10. Qxe2 h6 11. Nxf7 Kxf7 12. e6+ Kg8 13. exd7 Qxd7 14. Be3 Kh7 15. 0-0-0 c6 16. g4 Nf6 17. g5 Ng4 18. gxh6 Nxh6 19. h4 Nf5 20. h5 Nxe3 21. hxg6+ Kxg6 22. Rdg1+ Kf7 23. Qxe3 Bxd4 24. Qf4+ Bf6 25. Ne4 Rxh1 26. Rxh1 Rg8 27. Rh7+ Rg7 28. Ng5+ Kg8 29. Qb8+ 1-0

[Event "Barcelona Sant Marti op-B 4th"]
[Site "Barcelona"]
[Date "2015.01.22"]
[Round "2"]
[White "Pascual Duran, Pau"]
[Black "Ramos Fernandez, Pilar"]
[Result "1-0"]
[WhiteElo "1807"]
[BlackElo "1700"]
[PlyCount "67"]
[EventDate "2015.01.15"]
[EventType "swiss"]
[EventRounds "9"]
[EventCountry "ESP"]
[SourceTitle "EXT 2016"]
[Source "ChessBase"]
[SourceDate "2015.10.08"]
[SourceVersion "1"]
[SourceVersionDate "2015.10.08"]
[SourceQuality "1"]

1. e4 d5 2. exd5 Qxd5 3. Nc3 Qa5 4. d4 Nf6 5. Nf3 c6 6. Bd2 Qd8 7. Bc4 e6 8. 0-0 Bb4 9. Re1 0-0 10. a3 Ba5 11. b4 Bc7 12. Bg5 Nbd7 13. Ne5 Nxe5 14. dxe5 Qxd1 15. Raxd1 Nd7 16. f4 Bb6+ 17. Kh1 h6 18. Be7 Re8 19. Bd6 Bf2 20. Rf1 Be3 21. Rd3 Bb6 22. Ne4 a5 23. b5 cxb5 24. Bxb5 f5 25. Ng3 Nc5 26. Bxe8 Nxd3 27. cxd3 Bd4 28. Nh5 b5 29. Rf3 Bb7 30. Rg3 Rxe8 31. Rxg7+ Kh8 32. Rxb7 b4 33. Nf6 Rc8 34. Rh7# 1-0

[Event "Barcelona Sant Marti op-B 16th"]
[Site "Barcelona"]
[Date "2014.07.20"]
[Round "8"]
[White "Pascual Duran, Pau"]
[Black "Subirana Santos, Marc"]
[Result "0-1"]
[WhiteElo "1762"]
[BlackElo "1912"]
[PlyCount "66"]
[EventDate "2014.07.13"]
[EventType "swiss"]
[EventRounds "9"]
[EventCountry "ESP"]
[SourceTitle "CBM 161 Extra"]
[Source "ChessBase"]
[SourceDate "2014.08.29"]
[SourceVersion "1"]
[SourceVersionDate "2014.08.29"]
[SourceQuality "1"]

1. e4 g6 2. d4 Bg7 3. Nc3 a6 4. Nf3 d6 5. Be3 Nd7 6. Qd2 h5 7. Bd3 b5 8. 0-0 Bb7 9. Rae1 e5 10. d5 Ngf6 11. b4 Ng4 12. Bg5 f6 13. h3 fxg5 14. Nxg5 Bh6 15. f4 exf4 16. Nf3 Nge5 17. Ne2 Nxf3+ 18. Rxf3 g5 19. e5 Nxe5 20. Nd4 0-0 21. Rff1 Bxd5 22. Nf5 Qf6 23. Qd1 Nxd3 24. Nxh6+ Qxh6 25. Qxd3 Bc4 26. Qd4 Bxf1 27. Qd5+ Kh8 28. Kxf1 Qg7 29. h4 Rae8 30. Rxe8 Rxe8 31. hxg5 Qa1+ 32. Kf2 Qe1+ 33. Kf3 Qg3# 0-1

[Event "Barcelona Sant Marti op-B 16th"]
[Site "Barcelona"]
[Date "2014.07.15"]
[Round "3"]
[White "Pascual Duran, Pau"]
[Black "Bernat Mor, Juli"]
[Result "1-0"]
[WhiteElo "1762"]
[BlackElo "1700"]
[PlyCount "59"]
[EventDate "2014.07.13"]
[EventType "swiss"]
[EventRounds "9"]
[EventCountry "ESP"]
[SourceTitle "CBM 161 Extra"]
[Source "ChessBase"]
[SourceDate "2014.08.29"]
[SourceVersion "1"]
[SourceVersionDate "2014.08.29"]
[SourceQuality "1"]

1. e4 c6 2. d4 d5 3. e5 Bf5 4. Bd3 Bxd3 5. Qxd3 e6 6. Nf3 Bb4+ 7. c3 Ba5 8. 0-0 Ne7 9. Nh4 Nd7 10. Nd2 Bb6 11. f4 Qc7 12. a4 a6 13. b4 0-0-0 14. Ba3 Ng6 15. Qg3 f5 16. Nxg6 hxg6 17. Qxg6 Nf8 18. Qg3 Qf7 19. Nf3 Nd7 20. Ng5 Qg6 21. Qe3 Rdg8 22. b5 Bd8 23. Nf3 Rh5 24. bxa6 bxa6 25. Rab1 Rgh8 26. Qd3 Nb8 27. Bd6 Bc7 28. Rxb8+ Bxb8 29. Qxa6+ Kd7 30. Qb7+ 1-0

[Event "Foment Martinenc op-C 16th"]
[Site "Barcelona"]
[Date "2014.05.03"]
[Round "2"]
[White "Archs Garriga, Ignasi"]
[Black "Pascual Duran, Pau"]
[Result "1-0"]
[WhiteElo "1824"]
[BlackElo "1744"]
[PlyCount "123"]
[EventDate "2014.04.26"]
[EventType "swiss"]
[EventRounds "9"]
[EventCountry "ESP"]
[SourceTitle "EXT 2015"]
[Source "ChessBase"]
[SourceDate "2014.11.20"]
[SourceVersion "1"]
[SourceVersionDate "2014.11.20"]
[SourceQuality "1"]

1. c4 Nf6 2. Nc3 g6 3. g3 d6 4. d4 Bg7 5. Bg2 0-0 6. Nf3 Nbd7 7. 0-0 c6 8. Re1 e5 9. e4 Nh5 10. d5 a5 11. Be3 Qc7 12. Qd2 f5 13. exf5 gxf5 14. Bh6 f4 15. Bxg7 Nxg7 16. Ne4 c5 17. Neg5 Nb6 18. b3 Bd7 19. Nh4 Rf6 20. Be4 Rh6 21. Qd3 Qd8 22. Bxh7+ Kf8 23. Ng6+ Ke8 24. gxf4 Bf5 25. Qg3 Bxg6 26. Ne6 Qf6 27. fxe5 Qf7 28. Nxg7+ Qxg7 29. exd6+ Kf8 30. Kf1 Bxh7 31. Qxg7+ Kxg7 32. Re7+ Kf8 33. Rxb7 Bd3+ 34. Ke1 Rxd6 35. Kd2 Bf5 36. Rg1 Nd7 37. h4 Rb8 38. Ra7 a4 39. Rxa4 Rh6 40. Rg5 Bh7 41. Ra7 Ke8 42. Rg7 Bf5 43. Raxd7 Bxd7 44. Rg8+ Ke7 45. Rxb8 Rxh4 46. Ke3 Kf6 47. a4 Rh3+ 48. Kd2 Rxb3 49. Rxb3 Bxa4 50. Re3 Bd7 51. Ke2 Kf7 52. Kf3 Kf6 53. Kf4 Bf5 54. f3 Bd7 55. Re5 Ba4 56. d6 Bd7 57. Rxc5 Ke6 58. Kg5 Kf7 59. Rc7 Ke6 60. Rxd7 Kxd7 61. c5 Ke6 62. f4 1-0